|
|
|
|
| LEADER |
00000nab a2200000 a 4500 |
| 001 |
vtls008874919 |
| 003 |
SK-MaSNL |
| 005 |
20260304135331.0 |
| 008 |
250505c2005 xo 0 slo |
| 015 |
|
|
|a SNBCL2005/5
|
| 035 |
|
|
|a SLK036270
|
| 035 |
|
|
|a urn:nbn:sk:snk-ab32t8
|
| 035 |
|
|
|a (urnnbn)urn:nbn:sk:snk:ar-a05qi5
|
| 035 |
|
|
|a (uuid)fde97ac2-9f17-4358-abca-bec7c5c7efe5
|
| 040 |
|
|
|a SNKBUCL
|b slo
|c SNKBUCL
|e AACR2
|
| 041 |
0 |
|
|a cze
|
| 044 |
|
|
|a xo
|c SK
|
| 080 |
|
|
|a 616-056.257:061.3
|2 1981
|
| 100 |
1 |
|
|a Sucharda, Petr,
|d 1956-
|4 aut
|9 244937
|
| 245 |
1 |
0 |
|a Obezita a kouření - starý problém, nové poznatky
|c P. Sucharda
|
| 650 |
0 |
7 |
|a obezita
|2 MESH
|9 2527
|
| 650 |
0 |
7 |
|a fajčenie
|x účinky nežiadúce
|2 MESH
|9 860816
|
| 650 |
0 |
7 |
|a faktory rizikové
|2 MESH
|9 838956
|
| 711 |
2 |
|
|a Slovenské obezitologické dni
|n (4. :
|d 2005 :
|c Nimnica, Slovensko)
|4 aut
|9 120671
|
| 773 |
0 |
|
|t Interná medicína
|g Roč. 5, č. 10 (2005), s. 583
|x 1335-8359
|
| 850 |
|
|
|a Slovenská národná knižnica
|
| 852 |
|
|
|a Slovenská národná knižnica
|
| 954 |
|
|
|a odborná, vedecká literatúra cudzojazyčná (svetová)
|2 lita
|
| 958 |
|
|
|a article2022
|
| 958 |
|
|
|a OND
|
| 958 |
|
|
|a EUIPO
|
| 999 |
|
|
|c 2910331
|d 2912261
|